Normal view
MARC view
- السينما
Entry Topical Term
001 - CONTROL NUMBER
- control field: 61043
003 - CONTROL NUMBER IDENTIFIER
- control field: JO-AjAnu
005 - DATE AND TIME OF LATEST TRANSACTION
- control field: 20230606083957.0
008 - FIXED-LENGTH DATA ELEMENTS
- fixed length control field: 230606|| aca||aabn | a|a d
040 ## - CATALOGING SOURCE
- Original cataloging agency: JO-AjAnu
- Transcribing agency: JO-AjAnu
150 ## - HEADING--TOPICAL TERM
- Topical term or geographic name entry element: السينما
670 ## - SOURCE DATA FOUND
- Source citation: Work cat.: (JO-AjAnu)31135: محاسنة، رسمي, author 61042, السينما والحياة: نماذج من سينما عربية